000 00431nam a2200181Ia 4500
001 15987
005 20260306170236.0
008 260306t2013||||xx |||||||||||||| ||und||
041 _aESP
082 _a346.52
_bC24
100 _aCamas Jimena, Manuel (Coord.)
_eAUT
245 0 _aResponsabilidad médica
260 _c2013
300 _a318 páginas :
_c24 cm.
650 _aGEN
654 _aCDE
942 _cLIB
_dJUS
_fJUS
_2ddc
_n
999 _c15987
_d15987